000 00270nam a2200109Ia 4500
005 20251222143108.0
008 251222s9999||||xx |||||||||||||| ||spa||
082 _a848.9/C24I
100 _a"Camus, Albert"
245 0 _aEl mito de Sásifo. El hombre rebelde
942 _cLIB
999 _c11057
_d11057